00530nam a22001697a 450000500170000001000130001702000260003003500110005603700130006708200080008010000250008824500450011324600410015826000520019927000870025130000220033820190724164946.0 aUR-10278 c400.00a9789388356992 aU-8833 bDBAD/PUB a921 aد يپک بد کی  aلو ح حيا ت cد يپک بد کی  bLauhe Hayat (Urdu)aby ADeepak Budki a DelhibEducational Publishing Housec2018 ء  a3191،Vakil Street,Kucha Pandit,Lal Kuan,bDelhie110006k23216162l00911123211540 a324 صc22 Cm(Hb)